Countries With The Most Algerians - Statistics

General Stats
  • This quiz has been taken 17 times
  • The average score is 20 of 25
Answer Stats
Total Country % Correct
122,000 Canada
100%
6,76 mil France
100%
35,450 Germany
100%
30,000 Italy
100%
80,000 Morocco
100%
38,500 Portugal
100%
156,000 Spain
100%
71,000 United States
100%
16,000 Netherlands
92%
296,000 Tunisia
92%
45,000 United Kingdom
92%
67,000 Belgium
85%
365,000 Libya
85%
9,300 Sweden
85%
28,950 United Arab Emirates
85%
6,200 Mexico
77%
5,000 Qatar
77%
24,000 Saudi Arabia
77%
14,980 Switzerland
77%
13,500 Turkey
77%
8,600 Mali
69%
5,200 Luxembourg
46%
5,500 Oman
46%
58,000 Israel
31%
7,330 Senegal
23%
No matching quizzes found
Score Distribution
Percent of People with Each Score
Percentile by Number Answered
Your Score History
You have not taken this quiz